Mitä tiedät FC Hakasta? - Statistics

Yleistilastot
  • Tätä visaa on pelattu 10 kertaa
    6 viimeisimmän päivityksen jälkeen
  • Keskiarvotulos 8 / 15
Vastaustilastot
Kysymys Vastaus % Oikein
MIlloin viimeksi? 2004
100%
Montako Suomen mestaruutta Haka on voittanut? 9
100%
Missä Haka pelaa kotiottelunsa? Tehtaan Kenttä
100%
Montako Suomen CupiaHaka on voittanut? 12
75%
Kenellä on eniten pääsarjaotteluita? Olli Huttunen
75%
Kenellä on eniten pääsarjamaaleja? Valeri Popovits
75%
Koska Haka on perustettu? 1934
50%
Koska Haka pelasi ensimmäisen kerran pääsarjassa? 1950
50%
Millä sijalla Haka on pääsarjan maratontaulukossa? Toinen
50%
Kenellä on eniten A-maaotteluja? Esko Ranta
25%
Mikä on Hakan kannattajaryhmän nimi? Hakapeliitat
25%
Kuka Haka-legenda on valittu neljä kertaa vuoden jalkapalloilijaksi Suomessa? Juhani "Jussi" Peltonen
25%
Kuka on tunnetuin Hakan perustajajäsen? Juuso Walden
25%
Kuka liikemies omisti Hakan vuosina 2008-2010? Seppo "Sedu" Koskinen
25%
Kuka on Hakan nykyinen päävalmentaja? Tommi Ekmark
25%
Ehtoja vastaavia visoja ei löytynyt
Tulosjakauma
Jokaisen tuloksen saaneiden osuus
Persentiili vastausten määrän mukaan
Tuloshistoriasi
Et ole pelannut tätä visaa sen viimeisimmän päivityksen jälkeen